[Event "Miedzyzdroje OB Seniors 23rd"]
[Site "Miedzyzdroje"]
[Date "2015.06.18"]
[Round "2"]
[White "Marsch, Alfred"]
[Black "Funke, Hermann"]
[Result "0-1"]
[WhiteElo "1503"]
[BlackElo "1705"]
[PlyCount "92"]
[EventDate "2015.06.17"]
[EventType "swiss"]
[EventRounds "8"]
[EventCountry "POL"]
[SourceTitle "EXT 2018"]
[Source "ChessBase"]
[SourceDate "2017.10.13"]
[SourceVersion "1"]
[SourceVersionDate "2017.10.13"]
[SourceQuality "1"]

1. e4 e5 2. Nf3 Nc6 3. Bb5 a6 4. Bxc6 dxc6 5. 0-0 f6 6. d3 Be6 7. Be3 c5 8. Nbd2 Qd7 9. a4 Bd6 10. b3 Ne7 11. Ne1 Ng6 12. f3 h5 13. Qe2 Nf4 14. Bxf4 exf4 15. Rc1 h4 16. h3 Bxh3 17. gxh3 Qxh3 18. Qg2 Qg3 19. Kh1 h3 20. Qh2 Kf7 21. Rg1 Qxh2+ 22. Kxh2 Be5 23. c3 b5 24. a5 g5 25. Nb1 Rac8 26. Rg4 b4 27. Rc2 bxc3 28. Nxc3 c6 29. Na4 Bd4 30. Nxc5 Rb8 31. Nxa6 Rxb3 32. Rxc6 Rb1 33. Nc2 Bf2 34. e5 Bg3+ 35. Rxg3 fxg3+ 36. Kxg3 h2 37. Rxf6+ Ke7 38. Nd4 Rh3+ 39. Kxh3 h1Q+ 40. Kg4 Qh4+ 41. Kf5 Qxd4 42. Re6+ Kf7 43. Rf6+ Kg7 44. Rg6+ Kh7 45. Rxg5 Qxd3+ 46. Ke6 Qxa6+ 0-1